00618nam a22001817a 4500003000900000008004100009040007100050082001800121100002000139245002800159260011600187300002600303505001300329650001300342650002800355700002800383700002500411AR-CdUCM190305b ||||| |||| 00| 0 spa d aMUNICIPALIDAD PROVINCIAL DEL CUSCOcBIBLIOTECA MUNICIPAL DEL CUSCO a891.03 /bP75 aPolevoi, Boris  aCuentos Soviéticos /  aLima :bEdiciones del Centro de Estudiantes de Medicina de la Universidad Nacional Mayor de San Marcos ;c1964. a126 páginas ;c17cm aCuentos  aCuentos  aLiteratura soviética  aZhuravliova, Valentina  aStrugatski, A. y B.